Statistics for 19th Century Dates Quiz

Click here to take the quiz!

General Stats

  • This quiz has been taken 4,622 times
    (4,619 since last reset)
  • The average score is 10 of 24

Answer Stats

Event Year % Correct
Start of the Civil War1861
89%
Abraham Lincoln assassinated1865
88%
Start of California Gold rush1848
77%
Napoleon defeated at Waterloo1815
73%
Louisiana Purchase1803
57%
First modern Olympic Games1896
57%
Custer defeated1876
53%
British sack Washington D.C.1814
50%
Napoleon captures Moscow1812
49%
Emancipation Proclamation1863
48%
Spanish-American War1898
47%
Start of Queen Victoria's reign1837
40%
Eiffel Tower constructed1889
36%
Year of Revolutions in Europe1848
35%
End of U.S. Reconstruction1877
31%
Battle of the Alamo1836
30%
Slavery abolished in British Empire1833
29%
Edison tests first light bulb1879
28%
Potato Famine begins in Ireland1845
24%
U.S. annexes Hawaii1898
23%
Basketball is invented1892
20%
Darwin publishes On the Origin of Species1859
19%
Transcontinental railroad completed1869
17%
Mormon pioneers reach Salt Lake1847
14%

Score Distribution

Percentile by Number Answered

Percent of People with Each Score

Your Score History

You have not taken this quiz since the last reset